Revista de Madrid (Record no. 171178)

MARC details
000 -LEADER
campo de control de longitud fija 00878nam a22001575i 4500
001 - NÚMERO DE CONTROL
campo de control 171178
003 - IDENTIFICADOR DE NÚMERO DE CONTROL
campo de control ES-MaACL
005 - FECHA Y HORA DE LA ÚLTIMA TRANSACCIÓN
campo de control 20230906214547.0
008 - DATOS DE LONGITUD FIJA--INFORMACIÓN GENERAL
campo de control de longitud fija 090504s1872 sp |||| | spa d
100 1# - ENTRADA PRINCIPAL--NOMBRE DE PERSONA
Nombre de persona Gamayo, Angel.
9 (RLIN) 140009
245 10 - MENCIÓN DEL TÍTULO
Título Revista de Madrid
Resto del título : cuadros a la intemperie, bocetos al pastel, croquis al fresco, pasteles a la italiana, zurcidos en renglones cortos y largos con música ratonera y otros escesos, en un acto /
Mención de responsabilidad, etc. y original de Angel Gamayo.
260 ## - PUBLICACIÓN, DISTRIBUCIÓN, ETC.
Lugar de publicación, distribución, etc. Madrid :
Nombre del editor, distribuidor, etc. [s.n.],
Fecha de publicación, distribución, etc. 1872.
300 ## - DESCRIPCIÓN FÍSICA
Extensión 24 p. ;
Dimensiones 18 cm.
500 ## - NOTA GENERAL
Nota general En port.: Impresa despues de haber obtenido durante ciento cinco representaciones consecutivas en Madrid con estraordinario éxito.
852 ## - LOCALIZACIÓN
Ubicación ES-MaACL
Número de control de estantería F-8588(13)
Nota libre . - Enc. pasta española
condición física - Falto de la cub. original
Nota libre - Enc. en un vol. facticio formando parte de la col. facticia "Teatro español moderno", vol. 41
Holdings
Estatus retirado Estado de pérdida Estado de daño No para préstamo Colección Biblioteca de origen Biblioteca actual Ubicación en estantería Fecha de adquisición Fuente de adquisición Total de préstamos Signatura topográfica completa Código de barras Visto por última vez Precio de reemplazo Tipo de ítem Koha
        Libros del s. XIX Biblioteca del Ateneo de Madrid Biblioteca del Ateneo de Madrid Sala Pecera Planta 2 04/05/2009     F-8588(13) 1179643 23/02/2023 23/02/2023 Libro impreso antiguo